[Event "Corus"]
[Site "Wijk aan Zee"]
[Date "2003.01.15"]
[Round "4"]
[White "Kramnik, Vladimir"]
[Black "Krasenkow, Michal"]
[Result "1-0"]
[WhiteElo "2807"]
[BlackElo "2633"]
[Annotator "Lukacs,P"]
[PlyCount "159"]
[EventDate "2003.01.11"]
[EventType "tourn"]
[EventRounds "13"]
[EventCountry "NED"]
[EventCategory "18"]
[SourceTitle "CBM 093"]
[Source "ChessBase"]
[SourceDate "2003.04.01"]
[SourceVersion "1"]
[SourceVersionDate "2003.04.01"]
[SourceQuality "1"]

1. e4 {[%mdl 32] Kramnik nowadays regularly plays 1.e4. Is this a deception
before his match against Leko?!} e5 2. Nf3 Nc6 {Open Ruy Lopez? No, thanks...}
3. Bc4 Bc5 4. c3 Nf6 5. d3 a6 6. Bb3 O-O (6... Ba7 7. Nbd2 d6 8. h3 O-O 9. Nf1
d5 {- Y.Gonzales-F.Gomez, CUB-ch Holguin City 2002 CBM 89}) 7. O-O (7. Nbd2 {
can also be met by the push in the [+].} d5 8. Qe2 (8. exd5 Nxd5 9. Ne4 Ba7 10.
O-O {- 7.0-0}) 8... Be6 9. O-O (9. h3 Nh5 10. Nf1 h6 11. Nxe5 Nxe5 12. d4 Nf6
13. dxe5 Nxe4 14. Be3 Bxe3 15. Qxe3 Re8 $11 {Rybak-Jaracz, POL-ch (Women) 1994}
) 9... Re8 10. Re1 h6 11. h3 Qd7 12. Nf1 dxe4 {This exchange followed by the
occupation of the d <-> equalizes easily.} 13. dxe4 Bxb3 14. axb3 Rad8 15. b4
Ba7 16. Ng3 Qd3 $11 {Zaichik-A.Ivanov, World op Philadelphia 2000}) 7... d5 8.
exd5 (8. Nbd2 Ba7 9. h3 (9. exd5 Nxd5 {- 8.exd5}) (9. Re1 Re8 10. exd5 {- 8.ed}
) 9... Re8 (9... dxe4 10. dxe4 Qe7 11. Nh2 Be6 12. Qf3 Bxb3 13. axb3 Rad8 14.
Nc4 {White has some pressure on the light squares, especially on f5, but the d
<-> is in Black's hands.} h6 15. Re1 Qe6 16. Nf1 Rd7 17. Ng3 Rfd8 18. Nf5 Rd3
19. Qe2 Kh7 20. Rf1 b5 21. Nce3 Bxe3 22. Bxe3 R3d7 {1/2:1/2 Beshukov-J.Geller,
Krasnodar 2001}) 10. Re1 h6 11. Qe2 dxe4 12. dxe4 Nh5 13. Nf1 Qf6 14. N3h2 Nf4
15. Qf3 Ne7 {/\ Neg6} 16. Be3 Neg6 17. Bxa7 Rxa7 18. Ne3 Nh4 19. Qg3 c6 $13 {
Varini-Mikac, Portoroz op 1997}) 8... Nxd5 9. h3 {against Bg4.} (9. Nxe5 {
is harmless.} Bxf2+ 10. Rxf2 Nxe5 11. Qh5 Nxd3 12. Rxf7 Be6 13. Rxf8+ Qxf8 14.
Be3 Nxe3 15. Bxe6+ Kh8 16. Qe2 Qf4 17. Nd2 Rd8 18. Nf3 c5 19. b3 h6 $11 {
Lakos-Jaracz, EU-ch U20 Girls 1995}) (9. Nbd2 Ba7 (9... Bg4 $5 {is the real
question.} 10. h3 Bh5 11. Ne4 Ba7 12. Re1 f6 {/\ Bf7 neutralizing the pressure
on the a2-g8 /^.} (12... Bg6) 13. Be3 Bxe3 14. fxe3 Bf7 15. Qd2 Qe7 $5 (15...
h6 16. d4 f5 17. Nc5 e4 18. Ne5 Nxe5 19. dxe5 Ne7 {(Svidler-Ernst, Peer Gynt
Gausdal 1991)} 20. Bxf7+ Rxf7 (20... Kxf7 21. e6+) 21. Nd7 $14)) 10. Nc4 (10.
Re1 Nf4 $142 $5 {looks crisper.} (10... Re8 11. Nc4 $142 {- 10.Nc4} (11. d4 {
again allows the pin by} Bg4 12. h3 Bh5 13. Nf1 e4 14. Ng3 Bg6 15. Nh2 Qd6 16.
Ng4 Nf4 17. Bxf4 Qxf4 18. Ne3 Na5 {/\ c5 freeing the passive B.} 19. Bc2 c5 20.
d5 Rad8 21. Qg4 Qxg4 22. hxg4 b5 23. Rad1 Bb8 24. Nef5 Bxg3 25. Nxg3 Nc4 $11 {
Dolmatov-Salov, SU-FL Irkutsk 1986}))) (10. Ne4 Kh8 11. h3 h6 12. Ng3 Be6 13.
Re1 Qd6 14. Nh4 (14. Qe2 Rfe8) 14... Rad8 15. Qf3 {(Tkachiev-A.Ivanov, New
York op 1995)} Nde7 $11 {fighting for >< f5 and targeting >< d3.}) 10... f6 (
10... Re8 11. Re1 (11. Ng5 h6) 11... f6 $5 (11... Bg4 $6 12. h3 Bh5 {is simply
met by} 13. g4 {and >< e5 falls.} Bg6 14. Ncxe5 Nxe5 15. Nxe5 $16) (11... Qf6
$6 {runs into} 12. d4 $1 e4 (12... Bg4 13. Ncxe5 Nxe5 14. dxe5 Bxf3 15. Qxf3
Rxe5 16. Rxe5 Qxe5 17. Bd2 $16) 13. Ncd2 Bf5 14. Bxd5 exf3 15. Bxf3 $16 {
with a clear P up for White, Svidler-Steingrimsson, Gausdal Int 1991.}) 12. d4
{This is now stronger than before because of the pin on the e <->.} exd4 (12...
e4 13. Nfd2 f5 14. Ne3 Nce7 15. f3 $16 {successfully blowing up Black's [+],
Gerthold-Zoebish, AUT 1998.}) 13. Nd6 $1 (13. Rxe8+ Qxe8) 13... cxd6 14. Bxd5+
Kh8 $14) 11. d4 (11. Ne3 Be6 $11) (11. Be3 $5 Be6 (11... Nxe3 12. fxe3 Kh8 (
12... Be6 13. Ncxe5 Bxe3+ 14. Kh1 $14) 13. d4 {Now Black has problems with his
entombbed B on a7.} Bg4 14. Qe1 e4 15. Nfd2 (15. Nh4 Ne7 $1 (15... Qd7 16. Qf2
$14 {Berzinsh-Jirka, Friendship 2001})) 15... b5 16. Na3 f5 17. Qg3 Qd7 18. Bd1
Bxd1 19. Raxd1 $14 {and the d4 P in the [+] keeps the black pieces passive.})
12. Bxa7 Rxa7 13. Ne3 Kh8 $11) 11... exd4 12. Re1 $5 (12. cxd4 Be6 {Black can
blockade the isolani on d5.} 13. Re1 Bf7 14. Ne3 Nce7 $11 {Belmonte-Bulgarini,
Santiago 1994})) 9... Nb6 $6 {The N is usually badly placed here.} (9... Ba7
10. Re1 Be6 (10... Re8 {is again met by the standard plan} 11. d4 $1 e4 12. Ng5
Bf5 (12... e3 13. Bxe3 Rxe3 14. Rxe3 Nxe3 15. Qh5 $18) 13. Nxf7 $1 {
(Felgaer-Jirka, Yerevan 2000)} Qd7 (13... Kxf7 14. Qh5+ $18) 14. Qh5 $1 $16) (
10... Qd6 11. Nbd2 (11. Qe2 Bf5 $5 $13) 11... Nf4 12. Nc4 (12. Ne4 Qxd3) 12...
Qxd3 (12... Qg6 13. Bxf4 exf4 14. Nce5 $16) 13. Bxf4 Qxd1 14. Raxd1 exf4 15.
Nce5 {and White has a lead of development.} Nxe5 16. Nxe5 (16. Rxe5 $14) 16...
Bf5 17. Nxf7 Rxf7 18. Re7 Bg6 19. Rdd7 Raf8 20. Rxc7 $14) 11. Qe2 $5 (11. Ng5
Bf5 12. Qf3 Nde7 $13) 11... Re8 (11... f6 12. d4 $14) 12. Ng5 $14) 10. Re1 $1 (
10. Ng5 Bf5 11. Ne4 Be7 $13) 10... h6 (10... a5 $5 {/\ a4 is met by} 11. a4 {
securing the a2-g8 /^ for the B.} (11. Nbd2 a4 12. Bc2 Re8)) 11. Nbd2 (11. Nxe5
$143 {is always answered by} Bxf2+ $1 12. Kxf2 Nxe5 13. d4 Qh4+ 14. Kf1 (14.
Kg1 Nd3) 14... Ng6 15. Qf3 Be6 $1 16. Re4 (16. Qxb7 Rae8 $44) 16... Qd8 $11)
11... Qxd3 12. Nxe5 Qg3 13. Qf3 Qxf3 14. Ndxf3 {White has now serious threats
against >< f7.} Ne7 $6 {[#]} (14... Nxe5 {was the lesser evil, although after}
15. Nxe5 Bd6 16. Ng6 Rd8 17. Ne7+ Kf8 18. Nxc8 Raxc8 19. Be3 $14 {White has a
strong ^^ in an open position.}) 15. Nd3 ({missing the "small combination a la
Capablanca"} 15. Nxf7 $1 Rxf7 16. Rxe7 $1 (16. Ne5 $2 Bxf2+ 17. Kf1 Ned5 18.
Re2 (18. Nxf7 Bxe1) 18... Bc5+ $19) 16... Bxe7 17. Ne5 $16 {winning a P.})
15... Bd6 16. Bf4 $14 Ng6 {By this way Black can finish his development, but
the weakness of d6 remains a long-lasting one.} 17. Bxd6 cxd6 18. Re4 {/\ Rd4}
(18. Nb4 {activating the N was the alternative.} a5 19. Nd5 $16) 18... a5 (
18... Bf5 19. Rb4 $16) 19. Rd4 Rd8 20. Rd1 d5 (20... a4 21. Bc2 a3 22. b3 $16)
21. Nc5 $16 Ne7 22. a4 Re8 23. R4d2 Nd7 (23... Nc4 24. Bxc4 dxc4 {Black has
changed the P structure, but now the penetration on the d <-> is nasty.} 25.
Rd8 Bf5 26. Rxe8+ Rxe8 27. Nxb7 $18) 24. Nxd7 Bxd7 25. c4 $5 {White usually
fights against the isolated P not exchanging it, but this activates the white
pieces dramatically.} (25. Re1 Kf8 26. Nd4 $16 {looks more thematic, although
>< a4 may pose some problems for White.}) 25... dxc4 26. Rxd7 cxb3 27. Rxb7
Rab8 28. Rdd7 {The penetration on the 7-th rank wins a P at least.} Nc6 (28...
Rxb7 29. Rxb7 $16) 29. Rxf7 Rxb7 30. Rxb7 Re4 31. Rxb3 Rxa4 {If Black can
exchange the pawns on the <<, the _|_ is drawish.} 32. Rb6 Rc4 33. g3 (33. b3
Rc2 34. Kh2 Rc3 35. Rb7) 33... a4 34. h4 Nd4 35. Ne5 (35. Kg2 Nxf3 36. Kxf3)
35... Rc5 36. Rb8+ Kh7 37. Nd7 Rb5 38. Ra8 Ne2+ 39. Kg2 Rxb2 40. h5 {Even in
endgames there are chances for a mating ->!} (40. Rxa4 Nc3 41. Ra7 Nd1) 40...
Nc3 41. Ne5 {/\ Ng6 and mate!} Rb5 42. f4 Ne4 (42... Rd5 43. g4 {/\ Ng6}) 43.
g4 $1 {White concentrates only to the >>.} (43. Ng6 {allows Black to sacrifice
the exchange.} Rxh5 44. g4 Kxg6 45. gxh5+ Kxh5 46. Rxa4 Nd6 (46... Nf6 47. Kf3
Kg6 48. Ra5) 47. Kf3) 43... Nf6 (43... Rb2+ 44. Kf3) 44. Ng6 $18 Ng8 {The N is
now more or less paralyzed.} 45. Nf8+ Kh8 46. Ng6+ Kh7 47. Kf3 Rb3+ 48. Ke4 a3
49. Nf8+ Kh8 50. Ng6+ Kh7 51. g5 $1 hxg5 52. fxg5 Rb4+ 53. Kf5 Rb5+ 54. Kg4
Rb4+ 55. Kf5 Rb5+ 56. Kg4 Rb4+ 57. Nf4 a2 58. Rxa2 Ne7 59. Ra8 Ng8 {and the N
has to return again!} 60. Ra7 Kh8 61. Ra8 Kh7 62. Rf8 Kh8 63. Kf3 Rb3+ 64. Ke4
Rb4+ 65. Ke5 Rb5+ 66. Nd5 Ra5 67. Rd8 Kh7 68. g6+ Kh8 69. h6 $1 Ra7 70. Ne3
gxh6 71. Nf5 {Total domination!} Ra5+ 72. Kf4 Ra4+ 73. Kf3 Ra3+ 74. Kg4 Ra4+
75. Kh5 Ra7 76. Rf8 Rb7 77. Kh4 Rb4+ 78. Kg3 Rb6 79. Ne7 Kg7 80. Rf7+ {and
mate!} 1-0

[Event "Linares Anibal op 07th"]
[Site "Linares"]
[Date "2000.01.16"]
[Round "10"]
[White "Svetushkin, Dmitry"]
[Black "Korneev, Oleg"]
[Result "1-0"]
[WhiteElo "2486"]
[BlackElo "2619"]
[Annotator "Lukacs,P"]
[PlyCount "143"]
[EventDate "2000.01.07"]
[EventType "swiss"]
[EventRounds "10"]
[EventCountry "ESP"]
[SourceTitle "CBM 075"]
[Source "ChessBase"]
[SourceDate "2000.04.05"]
[SourceVersion "1"]
[SourceVersionDate "2000.04.05"]
[SourceQuality "1"]

1. e4 e5 2. Nf3 Nc6 3. Bc4 Bc5 4. c3 Nf6 5. d3 a6 6. O-O Ba7 7. h3 d6 8. Bb3
O-O {Black wants to spare the usual h7-h6.} 9. Re1 (9. Bg5 $5) 9... Kh8 {
Black is playing for the opening of the f <-> by f7-f5.} (9... h6 10. Nbd2 Nh5
{is one of the main lines.}) 10. Nbd2 Nh5 (10... Ng8 $5 {doesn't look so
active, but it is also worthy of consideration.} 11. Nf1 f5 12. Bg5 (12. exf5
Bxf5 13. Ng3 d5 14. d4 e4 15. Nh2 Qd6 16. Ng4 Nge7 17. Bg5 Rae8 18. Ne3 Be6 $13
(18... Bg6 $6 {allows the Q to come:} 19. Qg4 $1 h6 $2 20. Bxe7 Nxe7 21. Bxd5
$1 $18 {winning material, Klinger-Jonkman, Capella op Grande 1994.})) 12... Nf6
13. exf5 Bxf5 14. Ng3 Qd7 15. d4 exd4 16. cxd4 h6 17. Nxf5 Qxf5 18. Bc2 Qd5 19.
Be3 Qh5 $13 {Lakos-Rantanen, Viking op Aaland-Stockholm 1997}) 11. Nf1 Qf6 (
11... f5 $5 12. d4 (12. Bg5 $5) 12... fxe4 13. Rxe4 Bf5 14. Rh4 Nf6 15. Be3
exd4 {1/2:1/2 Gipslis-Giorgadze, Podolsk 1992}) 12. Ne3 (12. Be3 Nf4 13. d4 Ne7
14. Kh2 {/\ Ng1 g3} (14. Ng3 g5 $5 {Black wants to control the dark squares,
especially f4.} (14... Neg6 $2 {founders on} 15. Nh5 $1 Qd8 (15... Nxh5 $2 16.
Bg5 {catches the Q.}) 16. Bxf4 Nxf4 17. Nxf4 exf4 18. Qd2 $16 {and White has a
strong [+] neutralizing Black's ^^.}) (14... Be6 15. Bxf4 (15. dxe5 {gives up
the tension in the [+].} dxe5 16. Bxa7 Rxa7 17. Bxe6 fxe6 {The doubled pawns
are not so weak, and they cover the central squares.} 18. Re3 Neg6 $13) (15. d5
{closes the /^ of the light-squared B.} Bd7 $13) 15... Qxf4 $11) 15. Nh5 $6 Qg6
$132) 14... Neg6 15. Ng1 (15. Ng3 Be6 $13) 15... Ne6 16. Ne2 Ngf4 17. Nxf4 $142
(17. Nfg3 exd4 $1 18. cxd4 Nxe2 19. Nxe2 c5 $1 {attacking the [+], mostly ><
c5.} 20. d5 Nd4 21. Ng3 $11 (21. Bxd4 $6 cxd4 22. f4 Bd7 $15 {^^, Lane-Anand,
BCF-ch Blackpool 1988.})) 17... Nxf4 (17... exf4 $143 {loses the control over
>< d4.} 18. Bd2 $16) 18. Qf3 Be6 (18... g5 19. g3 $16) 19. Bxf4 $1 (19. Ng3 g5
$132) 19... Qxf4+ (19... exf4 20. e5 dxe5 21. Bxe6 $14) 20. Qxf4 exf4 21. Nd2
$14 {and Black has problems with his dark-squared B.}) 12... Nf4 13. Ng4 (13.
Nd5 Nxd5 14. exd5 (14. Bxd5 $2 Qg6 $1 15. Kf1 (15. Nh4 $2 Qg3 $1 $19) 15... f5
$15 {is Black's main threat in this line.}) 14... Nd8 {The N is not very
well-placed here.} (14... Nb8 15. d4 Nd7 16. Bc2 {/\ Bg5}) 15. d4 exd4 16. Nxd4
(16. cxd4 h6 17. Qe2 (17. Bc2 Bf5) 17... Bf5) 16... Bd7 $14) 13... Bxg4 (13...
Qg6 $5 14. Bxf4 (14. Nh4 Qh5) 14... Bxg4 (14... exf4) 15. hxg4 exf4 16. Nh2
Rae8 $11) 14. hxg4 g5 $6 {This weakens the light squares.} (14... Qg6 $1 {
was more flexible, for example:} 15. Nh4 Qf6 16. Nf5 g6 $13) 15. Be3 (15. Bxf4
{is useless here.} Qxf4 $11) 15... h5 (15... Bxe3 $2 16. fxe3 Ne6 17. Rf1 $14 {
<->f and the knights have no basis in the [+].}) 16. Bxa7 (16. gxh5 $2 {
gives Black ample play after} g4 $1 ({but not} 16... Bxe3 $2 17. fxe3 Nxh5 18.
Nxe5 $1 $18) 17. Nh2 Rg8 18. Nxg4 ({On} 18. Bxa7 g3 $1 {is a nasty
intermediate move.} ({There is no time for} 18... Rxa7 {because of} 19. Re3 $1
{defending against g3.})) 18... Qh4 19. f3 Nh3+ $1 20. gxh3 Qg3+ 21. Kf1 Rxg4
$1 22. hxg4 Qh3+ 23. Kg1 Qg3+ $11 {and draw by perpetual.}) 16... Nxa7 (16...
hxg4 17. Nh2 $1 {This is the simle way for the advantage.} (17. Nxe5 $6 {
gives Black time to organize a counterplay on the h <->.} Nxe5 18. Bd4 Kg7 19.
Bxe5 dxe5 20. Qxg4 Nxd3 21. Rf1 Rh8 $40) (17. Be3 gxf3 18. Qxf3 Kg7 (18... g4
$6 19. Qxg4 Rg8 20. Qf3 Rxg2+ 21. Kf1 Rag8 (21... Rh2 22. Bxf4 exf4 23. d4) 22.
Bxf4) 19. Bxf4 exf4 20. d4 Rh8 $13) 17... Rxa7 18. Nxg4 {Now White has
pressure on the light squares.} Qg6 19. g3 $16 {and the weaknesses in the
black camp begin to tell.}) 17. Nh2 (17. gxh5 $1 {was the consistent reply.} g4
(17... Nxh5 $2 18. Nxe5 $1 $18) (17... Qh6 $2 18. g4 $18) 18. Nh2 Rg8 19. Re3
$1 (19. Nxg4 {immediately opens up the g <-> against the K.} Qh4 20. f3 Nh3+ $1
21. gxh3 Qg3+ 22. Kf1 Rxg4 $1 23. hxg4 Qh3+ 24. Ke2 (24. Kg1 Qg3+ $11) 24...
Qh2+ 25. Ke3 Qf4+ $11 {and draw by perpetual checks.}) 19... Qh4 (19... Nxh5
20. Nxg4 Qg6 21. Rh3 $18) 20. Rg3 $18 {and >< g4 will soon fall.}) 17... h4 $14
{and Black has avoided the opening of the >>.} 18. Qf3 Kg7 19. Nf1 {/\ Ne3-f5}
(19. g3 Ng6 20. Qxf6+ Kxf6 $11) 19... Nc6 (19... Rh8 20. Ne3 h3 21. Nf5+ Kf8
22. g3 h2+ 23. Kh1 {The o^ on h2 defends the white K.} Rh3 24. Qd1 Ng6 25. Kg2
Qh8 26. Qf3 $14) 20. Rad1 Ne7 (20... Rh8 $5) 21. Ne3 c6 22. d4 Rad8 23. Rd2 Ne6
$6 (23... Rh8 24. Red1 exd4 25. cxd4 h3 26. g3 h2+ 27. Kh1 Rh3 28. Bc4 $1 Nfg6
$14) (23... Rfe8 24. Red1 $14) 24. Qd1 (24. Qxf6+ Kxf6 25. d5 cxd5 (25... Nf4
$6 {gives White time to attack the weakness on d6.} 26. dxc6 bxc6 27. Red1 d5
28. g3 $16) 26. Bxd5 Rd7 27. Red1 Rfd8 28. Kf1 $14 {with a slightly better _|_
for White because of the backward P on d6.}) 24... b5 (24... exd4 25. cxd4 Rfe8
26. d5 $14) 25. Bc2 ({missing the aggressive} 25. Nf5+ $1 Nxf5 26. exf5 Nf4 (
26... Nc7 {is no escape from trouble.} 27. Rxe5 $1 {This is a nice, unexpected
tactical blow} dxe5 28. dxe5 Qxe5 29. Rxd8 Rxd8 30. Qxd8 Qe1+ 31. Kh2 Qxf2 32.
Qxc7 $18) 27. g3 ({Here the previous motif is not so good:} 27. Rxe5 $2 dxe5
28. dxe5 Qxe5 29. Rxd8 Rxd8 30. Qxd8 Qe1+ 31. Kh2 Qxf2 32. Qd4+ Qxd4 33. cxd4
Ne2 34. d5 cxd5 $11) 27... hxg3 28. fxg3 Nd5 29. Bxd5 cxd5 30. dxe5 dxe5 31.
Rxd5 $16) 25... Rh8 26. Bb3 Nf4 (26... h3 $5 27. g3) 27. a4 (27. g3 $5 hxg3 ({
In case of} 27... Ne6 28. dxe5 (28. Nf5+ Nxf5 29. exf5 Nc7 30. gxh4 gxh4 (30...
Rxh4 31. dxe5 Qh6 32. f6+ Kf8 33. Qf3 $18) 31. Rxe5 $1 {is strong again!} dxe5
32. dxe5 Qxe5 33. Rxd8 Rxd8 34. Qxd8 Qe1+ 35. Kg2 Qe4+ 36. Kh2 Qf4+ 37. Kh3
Qf3+ 38. Kxh4 Qxf2+ 39. Kh5 $18) 28... dxe5 29. Bxe6 Rxd2 30. Qxd2 fxe6 {
is playable for Black.}) 28. fxg3 Qh6 29. Qf3 $16) 27... Rh6 (27... h3 $5 28.
g3 h2+ 29. Kh1 Nh3 30. Rf1 {and the N has no perspectives on the edge of the
board.}) 28. Qf3 Rdh8 29. Ra1 b4 30. Rad1 bxc3 31. bxc3 h3 32. g3 Ng2 $2 {
This loses a P without any fight.} (32... h2+ {was the last practical chance.}
33. Kh1 exd4 34. cxd4 Nh3 (34... Nfd5 35. Qxf6+ Nxf6 36. Bc2 $16) 35. Nf5+ Nxf5
36. gxf5 $16) 33. Qxf6+ {This is the simple method.} (33. Nf5+ $6 Nxf5 34. gxf5
$14) 33... Rxf6 34. dxe5 dxe5 35. Nxg2 hxg2 36. Kxg2 $18 {and White is a
healthy P up in the _|_.} Rb8 37. Bc4 a5 38. Rd6 Rb2 39. Rxf6 Kxf6 40. Rd6+ Kg7
41. Rd7 Kf8 42. Rd8+ Kg7 43. Re8 Kf6 44. Rf8 Kg6 45. Ra8 ({or} 45. Rxf7 Nd5 46.
Bxd5 cxd5 47. Rf5 $18) 45... Rc2 46. Rxa5 Rxc3 47. Rc5 Kg7 48. a5 f6 49. Kf1
Kf8 50. Ke2 Ra3 51. a6 {White has a strong remote o^.} Ke8 52. Bd3 Kd7 53. Rc1
Nc8 54. Rh1 Kc7 55. Rh7+ Kb6 56. Rf7 Nd6 57. Rxf6 Nb5 58. Bxb5 Kxb5 59. Rf5
Ra2+ 60. Kf3 Ra3+ 61. Kg2 c5 62. Rxe5 Rxa6 63. Rxg5 Kb4 64. Rg8 c4 65. g5 c3
66. Rc8 Kb3 67. f4 c2 68. f5 Ra8 69. Rc5 Ra5 70. Rxc2 Kxc2 71. g6 Kd3 72. g7
1-0